000 00579nam a2200229Ia 4500
003 OSt
005 20220918175706.0
006 a|||||r|||| 00| 0
007 ta
008 220917b |||||||| |||| 00| 0 eng d
024 _a18,541
037 _cTextual
040 _aARTS
_cARTS
_beng
041 _2eng
_aeng
082 _aO:1N063:2, J4
100 _aWatkins Vernon
_954685
245 0 _aDeath bell
_b poems and ballads
260 _c1954
650 _aENGLISH LITERATURE
942 _hO:1N063:2, J4
_cTEXL
_2CC
999 _c158648
_d158648